| 000 | 00550nam a22001697a 4500 | ||
|---|---|---|---|
| 003 | BD-DhUL | ||
| 005 | 20170821103008.0 | ||
| 008 | 170821s1899 le ||||| |||| 00| 0 ara d | ||
| 040 |
_aBD-DhUL _cBD-DhUL |
||
| 082 |
_a892.71 _bIBD |
||
| 100 | 1 | _aابن الفارض، شرف الدین عمر | |
| 245 | 1 | 0 |
_aدیوان الفارض / _cشرف الدین عمر ابن الفارض |
| 260 |
_aبـيـروت : _bالمطبعۃ الادبیۃ، _c۱۸۹۹۔ |
||
| 300 |
_aص۔ ۱۱۶ ؛ _c۲۰ سم۔ |
||
| 650 | 0 | _aArabic poetry | |
| 942 |
_2ddc _cBK |
||
| 999 |
_c213553 _d213553 |
||